[Event "288th YMCA Spring C"]
[Site "Warsaw"]
[Date "2024.04.11"]
[Round "1"]
[White "Hartman, Aleksander"]
[Black "Wiktorowski, Janusz"]
[Result "0-1"]
[WhiteElo "1716"]
[BlackElo "1623"]
[PlyCount "100"]
[EventDate "2024.04.10"]
[EventType "tourn"]
[EventRounds "1"]
[EventCountry "POL"]
[SourceDate "2024.04.10"]

1. e4 e5 2. Bc4 Nf6 3. d4 Nc6 4. Nf3 Na5 5. Bxf7+ Kxf7 6. dxe5 Qe7 7. exf6
Qxe4+ 8. Be3 gxf6 9. Nc3 Bb4 10. O-O Bxc3 11. bxc3 d5 12. Ng5+ fxg5 13. Qh5+
Qg6 14. Qf3+ Qf5 15. Qh5+ Qg6 16. Qf3+ Qf5 17. Qh5+ $11 Ke6 18. Bd4 Rf8 19.
Qh6+ Kd7 20. Rfe1 Nc4 21. Rad1 c6 22. Bc5 Rf7 23. Rd3 Qg6 24. Qh3+ Kd8 25. Qg3
Be6 26. Rd4 b6 27. Rxc4 dxc4 28. Qe5 Qf6 29. Qd6+ Bd7 30. Qxf6+ Rxf6 31. Be7+
Kc7 32. Bxf6 h6 33. Re7 Re8 34. h4 Rxe7 35. Bxe7 gxh4 36. Bxh4 Bf5 37. f4 h5
38. Kf2 Bxc2 39. Ke3 Kd6 40. Kd4 b5 41. Bf6 c5+ 42. Ke3 a5 43. Bd8 b4 44. Bxa5
b3 45. axb3 cxb3 46. Kd2 Be4 47. Kc1 Bxg2 48. Kd2 h4 49. f5 h3 50. f6 Bd5 0-1

[Event "288th YMCA Spring C"]
[Site "Warsaw"]
[Date "2024.04.10"]
[Round "1"]
[White "Bartczak, Hanna"]
[Black "Glowacki, Mateusz"]
[Result "1/2-1/2"]
[WhiteElo "1636"]
[BlackElo "1625"]
[PlyCount "52"]
[EventDate "2024.04.10"]
[EventType "tourn"]
[EventRounds "1"]
[EventCountry "POL"]
[SourceDate "2024.04.10"]

1. d4 Nf6 2. Nc3 c5 3. d5 a6 4. e4 d6 5. Bf4 b5 6. f3 g6 7. Qd2 Bg7 8. Bh6 O-O
9. Bxg7 Kxg7 10. Nge2 b4 11. Nd1 e6 12. Ne3 exd5 13. Nxd5 Nxd5 14. Qxd5 Ra7 15.
O-O-O Be6 16. Qxd6 Rd7 17. Qe5+ f6 18. Rxd7+ Qxd7 19. Qxc5 Rd8 20. b3 Qd2+ 21.
Kb1 Rc8 22. Qa7+ Kh6 23. Nd4 Nc6 24. Nxc6 Qe1+ 25. Kb2 Qc3+ 26. Kb1 Qe1+
1/2-1/2

[Event "288th YMCA Spring C"]
[Site "Warsaw"]
[Date "2024.04.10"]
[Round "1"]
[White "Korsun, Wadym"]
[Black "Okurowski, Michal"]
[Result "0-1"]
[WhiteElo "1714"]
[BlackElo "1738"]
[PlyCount "48"]
[EventDate "2024.04.10"]
[EventType "tourn"]
[EventRounds "1"]
[EventCountry "POL"]
[SourceDate "2024.04.10"]

1. e4 e5 2. Nf3 Nc6 3. Bb5 a6 4. Ba4 Bc5 5. d3 d6 6. c3 Nge7 7. h3 O-O 8. d4
exd4 9. cxd4 Ba7 10. O-O Bd7 11. Nc3 Ng6 12. Re1 Nh4 13. d5 Nxf3+ 14. Qxf3 Ne5
15. Qd1 Bxa4 16. Nxa4 f5 17. exf5 Qh4 18. Be3 Bxe3 19. Rxe3 Rxf5 20. Qc2 Raf8
21. Rf1 g5 22. Rg3 Qxg3 23. fxg3 Rxf1+ 24. Kh2 R8f2 0-1

[Event "288th YMCA Spring C"]
[Site "Warsaw"]
[Date "2024.04.10"]
[Round "1"]
[White "Gozdzikowski, Franciszek"]
[Black "Bronowski, Franciszek"]
[Result "1-0"]
[WhiteElo "1745"]
[BlackElo "1659"]
[PlyCount "197"]
[EventDate "2024.04.10"]
[EventType "tourn"]
[EventRounds "1"]
[EventCountry "POL"]
[SourceDate "2024.04.10"]

1. f4 e5 2. fxe5 d6 3. exd6 Bxd6 4. Nf3 Nf6 5. g3 O-O 6. Bg2 Nc6 7. d4 Bf5 8.
c3 Re8 9. O-O Qd7 10. Nbd2 Bh3 11. Nc4 Bxg2 12. Kxg2 Bf8 13. Nce5 Nxe5 14. dxe5
Qxd1 15. Rxd1 Ng4 16. Bf4 f6 17. h3 fxe5 18. Bg5 Nf6 19. Bxf6 gxf6 20. e4 Rad8
21. Nh4 Kf7 22. Kf3 h5 23. Nf5 a5 24. c4 c6 25. b3 Bc5 26. Rac1 Ba3 27. Rb1 Bc5
28. Ke2 Bf8 29. Rxd8 Rxd8 30. Rd1 Rxd1 31. Kxd1 Ba3 32. Ke2 b5 33. cxb5 cxb5
34. Kd3 a4 35. bxa4 bxa4 36. Kc4 Bf8 37. Kd5 Bb4 38. h4 Ba3 39. Kc6 Bf8 40. Kd7
Bb4 41. Nd6+ Kg6 42. Ke6 Be1 43. Nf5 Bb4 44. Ne3 Be1 45. Nf5 Bb4 46. Kd5 Kf7
47. Nd6+ Kg6 48. Nf5 Kf7 49. Kc4 Bf8 50. Kd3 Bc5 51. Kc4 Bf8 52. Kb5 a3 53. Kc4
Ke6 54. Kb5 Kf7 55. Ne3 Ke6 56. Kc4 Bh6 57. Nf5 Bf8 58. Kd3 Kf7 59. Ke3 Bc5+
60. Kf3 Kg6 61. g4 Bb4 62. Ng3 Be1 63. Nf5 Bb4 64. Kg3 Be1+ 65. Kh3 Bb4 66. Ng3
hxg4+ 67. Kxg4 Be1 68. Nf1 Bf2 69. Nd2 Be3 70. Nb1 Bc5 71. Nc3 Bb4 72. Nd5 Bd2
73. h5+ Kf7 74. Kf5 Bg5 75. h6 Bxh6 76. Nxf6 Bf4 77. Nd5 Kg7 78. Nb6 Kf7 79.
Nc4 Bc1 80. Kxe5 Ke7 81. Kd5 Kd7 82. e5 Ke7 83. Na5 Be3 84. e6 Bd2 85. Nc6+ Ke8
86. Ke5 Bc3+ 87. Kf5 Bd2 88. Kf6 Bc3+ 89. Kg6 Bd2 90. Kf5 Bc3 91. Na7 Ke7 92.
Nb5 Bb2 93. Nc7 Bd4 94. Ke4 Bc5 95. Kd5 Bb4 96. Nb5 Kf6 97. Nd4 Kg7 98. Kc6 Kf8
99. Kd7 1-0

[Event "288th YMCA Spring C"]
[Site "Warsaw"]
[Date "2024.04.10"]
[Round "1"]
[White "Marczukiewicz, Slawomir"]
[Black "Mazan, Dawid"]
[Result "0-1"]
[WhiteElo "1653"]
[BlackElo "1642"]
[PlyCount "120"]
[EventDate "2024.04.10"]
[EventType "tourn"]
[EventRounds "1"]
[EventCountry "POL"]
[SourceDate "2024.04.10"]

1. d4 Nf6 2. c4 g6 3. Nc3 d5 4. Bg5 Ne4 5. Nxe4 dxe4 6. e3 Bg7 7. Ne2 c5 8.
Qa4+ Bd7 9. Qa3 Na6 10. O-O-O O-O 11. Nc3 h6 12. Bh4 g5 13. Bg3 Bg4 14. Be2
Bxe2 15. Nxe2 Rc8 16. dxc5 Qe8 17. b4 f5 18. f4 Qf7 19. Qb3 b6 20. a3 Qf6 21.
Kc2 bxc5 22. b5 Nc7 23. Be1 Qb6 24. Bc3 a6 25. Bxg7 Kxg7 26. bxa6 Qxa6 27. h4
g4 28. Ng3 Kg6 29. Rd7 Qe6 30. Rhd1 Rb8 31. h5+ Kh7 32. Qc3 Ne8 33. R7d5 Nd6
34. Rxc5 Rbc8 35. Rdd5 Rxc5 36. Rxc5 Qd7 37. Ra5 Rc8 38. c5 Nb7 39. Qd4 Qxd4
40. exd4 Nxa5 41. Nxf5 Nc6 42. Kc3 Rd8 43. Kc4 e3 44. Nxe3 Rxd4+ 45. Kb5 Na7+
46. Kb6 Ra4 47. Nxg4 Rxa3 48. Ne5 Kg7 49. c6 Nxc6 50. Kxc6 Rg3 51. Kd5 Kf6 52.
Nd7+ Kf5 53. Nf8 Rxg2 54. Ng6 Rd2+ 55. Kc4 Kg4 56. Kc3 Re2 57. Kd3 Re1 58. Kd2
Re6 59. Nf8 Rf6 60. Ng6 Kxh5 0-1

[Event "288th YMCA Spring C"]
[Site "Warsaw"]
[Date "2024.04.25"]
[Round "1"]
[White "Jaroszuk, Marcin"]
[Black "Kuc, Mariusz"]
[Result "1-0"]
[WhiteElo "1744"]
[BlackElo "1748"]
[PlyCount "53"]
[EventDate "2024.04.10"]
[EventType "tourn"]
[EventRounds "1"]
[EventCountry "POL"]
[SourceDate "2024.04.10"]

1. d4 d6 2. e4 Nf6 3. Nc3 e5 4. dxe5 dxe5 5. Qxd8+ Kxd8 6. Nf3 Bd6 7. Bc4 Ke7
8. Bg5 c6 9. O-O-O Bc7 10. Rd3 b5 11. Bxb5 Bb7 12. Bc4 Nbd7 13. Rhd1 Nb6 14.
Bb3 Rhe8 15. Na4 Kf8 16. Nc5 Bc8 17. Bxf6 gxf6 18. Nh4 Bg4 19. f3 Be6 20. g4
Bxb3 21. axb3 a5 22. Nf5 Rab8 23. h4 Bd8 24. Nd7+ Nxd7 25. Rxd7 Bb6 26. h5 Bc5
27. Rc7 1-0

[Event "288th YMCA Spring C"]
[Site "Warsaw"]
[Date "2024.04.18"]
[Round "2"]
[White "Wiktorowski, Janusz"]
[Black "Kuc, Mariusz"]
[Result "1-0"]
[WhiteElo "1623"]
[BlackElo "1748"]
[PlyCount "111"]
[EventDate "2024.04.10"]
[EventType "tourn"]
[EventRounds "1"]
[EventCountry "POL"]
[SourceDate "2024.04.10"]

1. e4 c5 2. Nf3 e6 3. d4 cxd4 4. Nxd4 Nf6 5. Nc3 d6 6. Be2 a6 7. a4 Nc6 8. Be3
Bd7 9. O-O Be7 10. f4 Qc7 11. f5 Nxd4 12. Bxd4 e5 13. Be3 Rc8 14. Bd3 Bc6 15.
Kh1 O-O 16. Qf3 Qa5 17. Qg3 Rfe8 18. Bh6 Bf8 19. Bg5 Be7 20. Bh6 Bf8 21. Rf3 d5
22. Qg5 Red8 23. Rg3 Ne8 24. f6 Rd6 25. Rf1 Qd8 26. Bxg7 Bxg7 27. Qh6 Rxf6 28.
Rxg7+ Nxg7 29. Rxf6 dxe4 30. Bc4 Rc7 31. h3 e3 32. Rd6 Qe7 33. Bd3 f5 34. Nd5
Bxd5 35. Rxd5 e4 36. Be2 Rd7 37. Rxd7 Qxd7 38. Bc4+ Kh8 39. Qxe3 Qxa4 40. Qd4
Qe8 41. Qe3 Qe7 42. Bb3 Qe5 43. Qb6 Qe7 44. Bc4 f4 45. Qd4 b5 46. Be2 h6 47. b3
Kh7 48. Qf2 Qe5 49. Kg1 Qa1+ 50. Kh2 Qe5 51. Kg1 e3 52. Qf3 Ne6 53. Qb7+ Kg6
54. Bd3+ Kg5 55. Qe7+ Qf6 56. h4+ 1-0

[Event "288th YMCA Spring C"]
[Site "Warsaw"]
[Date "2024.04.17"]
[Round "2"]
[White "Mazan, Dawid"]
[Black "Jaroszuk, Marcin"]
[Result "1-0"]
[WhiteElo "1642"]
[BlackElo "1744"]
[PlyCount "111"]
[EventDate "2024.04.10"]
[EventType "tourn"]
[EventRounds "1"]
[EventCountry "POL"]
[SourceDate "2024.04.10"]

1. e4 e5 2. Nf3 Nc6 3. d4 exd4 4. Bc4 Nf6 5. O-O Nxe4 6. Re1 d5 7. Bxd5 Qxd5 8.
Nc3 Qh5 9. Nxe4 Be7 10. Nxd4 Qxd1 11. Rxd1 Nxd4 12. Rxd4 Bf5 13. Bf4 Rd8 14.
Rxd8+ Kxd8 15. Ng3 Bg6 16. Re1 Re8 17. c3 Bd6 18. Rxe8+ Kxe8 19. Bxd6 cxd6 20.
Kf1 Kd7 21. Ke2 Bb1 22. a3 Ke6 23. Ke3 Kd5 24. Ne2 a6 25. Nd4 g5 26. Nb3 b5 27.
Nd2 Bg6 28. g3 f5 29. f4 g4 30. Kd3 Be8 31. b4 Bd7 32. Nf1 Ke6 33. Kd4 Bc6 34.
Ne3 Bb7 35. c4 bxc4 36. Nxc4 Bc6 37. Ne3 Bb7 38. Nd1 Ba8 39. Nc3 Bc6 40. a4 Bf3
41. b5 axb5 42. axb5 Bb7 43. Na4 Kd7 44. Nb6+ Ke6 45. Nc4 Kd7 46. Ne3 Ke6 47.
b6 Be4 48. Nxg4 h5 49. Ne3 Kd7 50. Nc4 Bg2 51. h4 Bf3 52. Kc3 Be4 53. Na5 Kc8
54. Kb4 Kd7 55. Nc6 Bf3 56. b7 1-0

[Event "288th YMCA Spring C"]
[Site "Warsaw"]
[Date "2024.04.17"]
[Round "2"]
[White "Bronowski, Franciszek"]
[Black "Marczukiewicz, Slawomir"]
[Result "0-1"]
[WhiteElo "1659"]
[BlackElo "1653"]
[PlyCount "98"]
[EventDate "2024.04.10"]
[EventType "tourn"]
[EventRounds "1"]
[EventCountry "POL"]
[SourceDate "2024.04.10"]

1. e4 c5 2. Nf3 d6 3. d4 cxd4 4. Nxd4 Nf6 5. Nc3 a6 6. Bg5 e6 7. f4 Qc7 8. Bxf6
gxf6 9. Qd2 b5 10. f5 b4 11. Nce2 e5 12. Nb3 Bb7 13. O-O-O a5 14. Ng3 h5 15.
Bb5+ Nd7 16. Kb1 h4 17. Ne2 O-O-O 18. Qd3 Nb6 19. Nxa5 Ba8 20. Nc4 d5 21. Nxb6+
Qxb6 22. Ba4 Bc5 23. Qb3 d4 24. Qf3 Qb7 25. Rhe1 Qxe4 26. Nxd4 Qxf3 27. Nxf3 h3
28. Rxd8+ Rxd8 29. Nxe5 fxe5 30. gxh3 f6 31. c3 bxc3 32. Rc1 Be4+ 33. Bc2 Bxc2+
34. Rxc2 Rd1+ 35. Rc1 Rxc1+ 36. Kxc1 cxb2+ 37. Kxb2 Bg1 38. h4 Bxh2 39. h5 Bf4
40. Kc3 Kc7 41. Kc4 Kb6 42. Kd5 Kc7 43. a4 Bd2 44. a5 Bg5 45. Ke6 e4 46. h6
Bxh6 47. Kxf6 e3 48. Kg6 Bf8 49. Kf7 Bc5 0-1

[Event "288th YMCA Spring C"]
[Site "Warsaw"]
[Date "2024.04.17"]
[Round "2"]
[White "Okurowski, Michal"]
[Black "Gozdzikowski, Franciszek"]
[Result "0-1"]
[WhiteElo "1738"]
[BlackElo "1745"]
[PlyCount "66"]
[EventDate "2024.04.10"]
[EventType "tourn"]
[EventRounds "1"]
[EventCountry "POL"]
[SourceDate "2024.04.10"]

1. e4 e5 2. Nf3 Nc6 3. Bc4 Bc5 4. d3 Nf6 5. Nc3 h6 6. Be3 Bxe3 7. fxe3 d6 8. a3
Be6 9. Nd5 Bxd5 10. exd5 Ne7 11. e4 c6 12. dxc6 bxc6 13. b4 Qb6 14. h3 d5 15.
exd5 cxd5 16. Bb3 O-O 17. Nxe5 Nf5 18. Nf3 Ng3 19. Kd2 Nxh1 20. Qxh1 a5 21. Qg1
Qd6 22. c3 axb4 23. axb4 Qf4+ 24. Kc2 Rac8 25. Ra5 Qxb4 26. Qa1 Rfe8 27. Bxd5
Nxd5 28. Rxd5 Qf4 29. Rd4 Re2+ 30. Kd1 Qe3 31. Qa6 Rxc3 32. Rd8+ Kh7 33. Qa1
Rxd3+ 0-1

[Event "288th YMCA Spring C"]
[Site "Warsaw"]
[Date "2024.04.19"]
[Round "2"]
[White "Glowacki, Mateusz"]
[Black "Korsun, Wadym"]
[Result "0-1"]
[WhiteElo "1625"]
[BlackElo "1714"]
[PlyCount "22"]
[EventDate "2024.04.10"]
[EventType "tourn"]
[EventRounds "1"]
[EventCountry "POL"]
[SourceDate "2024.04.10"]

1. e4 e5 2. Bc4 Nf6 3. d3 Bc5 4. Nc3 d6 5. Bg5 Be6 6. Nge2 Bxf2+ 7. Kf1 h6 8.
Bxh6 Ng4 9. Bd2 Qf6 10. Nc1 Rxh2 11. Ke2 Bg3 0-1

[Event "288th YMCA Spring C"]
[Site "Warsaw"]
[Date "2024.04.17"]
[Round "2"]
[White "Hartman, Aleksander"]
[Black "Bartczak, Hanna"]
[Result "1-0"]
[WhiteElo "1716"]
[BlackElo "1636"]
[PlyCount "47"]
[EventDate "2024.04.10"]
[EventType "tourn"]
[EventRounds "1"]
[EventCountry "POL"]
[SourceDate "2024.04.10"]

1. e4 d6 2. d4 Nf6 3. Nc3 g6 4. Be3 c6 5. Qd2 b5 6. f3 a5 7. g4 h5 8. g5 Nfd7
9. h4 Bg7 10. f4 Nb6 11. b3 b4 12. Nce2 c5 13. Rd1 c4 14. Ng3 c3 15. Qf2 Bg4
16. Be2 Bxe2 17. N1xe2 a4 18. O-O axb3 19. axb3 N8d7 20. f5 O-O 21. Nf4 Kh7 22.
Qf3 Rh8 23. Nxg6 fxg6 24. fxg6+ 1-0

[Event "288th YMCA Spring C"]
[Site "Warsaw"]
[Date "2024.04.30"]
[Round "3"]
[White "Bartczak, Hanna"]
[Black "Wiktorowski, Janusz"]
[Result "0-1"]
[WhiteElo "1636"]
[BlackElo "1623"]
[PlyCount "80"]
[EventDate "2024.04.10"]
[EventType "tourn"]
[EventRounds "1"]
[EventCountry "POL"]
[SourceDate "2024.04.10"]

1. d4 d5 2. Nc3 c6 3. Bf4 Nf6 4. e3 Bf5 5. f3 e6 6. g4 Bg6 7. h4 h5 8. g5 Nh7
9. Bd3 Bf5 10. e4 dxe4 11. Bxe4 Bd6 12. Bxf5 exf5 13. Qe2+ Be7 14. O-O-O O-O
15. Qd3 g6 16. Nh3 Bd6 17. Rhe1 Bxf4+ 18. Nxf4 Nd7 19. d5 Re8 20. Rxe8+ Qxe8
21. dxc6 Nc5 22. Qd6 Qxc6 23. Qxc6 bxc6 24. Rd6 Re8 25. Nce2 Nb7 26. Rd7 Rb8
27. Nd4 Nf8 28. Re7 Na5 29. Rxa7 Nc4 30. b3 Ne5 31. Rc7 Re8 32. Nd3 Nxd3+ 33.
cxd3 Re1+ 34. Kd2 Rh1 35. Ke3 Rxh4 36. Rxc6 Rh2 37. Rc2 Rh1 38. Kf2 Kh7 39. a4
Ne6 40. Nxe6 Rh2+ 0-1

[Event "288th YMCA Spring C"]
[Site "Warsaw"]
[Date "2024.04.24"]
[Round "3"]
[White "Korsun, Wadym"]
[Black "Hartman, Aleksander"]
[Result "1-0"]
[WhiteElo "1714"]
[BlackElo "1716"]
[PlyCount "117"]
[EventDate "2024.04.10"]
[EventType "tourn"]
[EventRounds "1"]
[EventCountry "POL"]
[SourceDate "2024.04.10"]

1. e4 c6 2. d4 d5 3. e5 c5 4. Nf3 Nc6 5. Bb5 Qa5+ 6. Nc3 e6 7. Be3 cxd4 8. Nxd4
Nge7 9. O-O Bd7 10. f4 a6 11. Nb3 Qc7 12. Bd3 Nb4 13. Be2 Nf5 14. Bf2 Be7 15.
a3 Nc6 16. Bd3 Nh6 17. Qh5 O-O-O 18. Na4 f6 19. Bb6 Qb8 20. Nac5 Rdf8 21. Qe2
Bd8 22. Nxd7 Kxd7 23. Nc5+ Ke7 24. Bxd8+ Nxd8 25. c4 Qa7 26. b4 b6 27. Na4 b5+
28. Nc5 bxc4 29. Bxc4 Nb7 30. Bxa6 Nxc5 31. bxc5 Qxc5+ 32. Kh1 fxe5 33. Rac1
Qd6 34. Rb1 Rxf4 35. Rb7+ Kf6 36. g3 Rxf1+ 37. Qxf1+ Kg6 38. Bd3+ e4 39. Be2
Rf8 40. Qh3 Qe5 41. Re7 Rf6 42. Bh5+ Qxh5 43. Rxg7+ Kxg7 44. Qxh5 Nf5 45. g4
Ne7 46. Qe5 Ng6 47. Qd4 Kf7 48. a4 Nh4 49. Qa7+ Kg6 50. Kg1 d4 51. Qc5 e5 52.
Qd5 Nf3+ 53. Kg2 Kg5 54. Qg8+ Rg6 55. Qxh7 Nh4+ 56. Kg3 Rh6 57. Qe7+ Kg6 58.
Qxe5 e3 59. Qxd4 1-0

[Event "288th YMCA Spring C"]
[Site "Warsaw"]
[Date "2024.04.26"]
[Round "3"]
[White "Gozdzikowski, Franciszek"]
[Black "Glowacki, Mateusz"]
[Result "1-0"]
[WhiteElo "1745"]
[BlackElo "1625"]
[PlyCount "57"]
[EventDate "2024.04.10"]
[EventType "tourn"]
[EventRounds "1"]
[EventCountry "POL"]
[SourceDate "2024.04.10"]

1. e4 c5 2. Nf3 a6 3. c3 d5 4. exd5 Nf6 5. c4 e6 6. dxe6 Bxe6 7. Be2 Nc6 8. O-O
Bd6 9. Nc3 Qc7 10. d3 h6 11. Be3 g5 12. g3 O-O-O 13. Na4 Ne7 14. b4 Nf5 15.
Bxc5 g4 16. Bxd6 Qxd6 17. c5 Qc7 18. Ne1 h5 19. Ng2 h4 20. Nf4 hxg3 21. fxg3
Ne3 22. Nb6+ Kb8 23. Qd2 Nxf1 24. Bxf1 Bf5 25. Qc3 Rh6 26. Re1 Rdh8 27. Bg2
Rxh2 28. Qxf6 Bxd3 29. Re7 1-0

[Event "288th YMCA Spring C"]
[Site "Warsaw"]
[Date "2024.04.24"]
[Round "3"]
[White "Marczukiewicz, Slawomir"]
[Black "Okurowski, Michal"]
[Result "1/2-1/2"]
[WhiteElo "1653"]
[BlackElo "1738"]
[PlyCount "78"]
[EventDate "2024.04.10"]
[EventType "tourn"]
[EventRounds "1"]
[EventCountry "POL"]
[SourceDate "2024.04.10"]

1. e4 e5 2. Nf3 Nc6 3. Bb5 a6 4. Ba4 Nf6 5. d3 Bc5 6. Bxc6 dxc6 7. O-O Bg4 8.
Be3 Bd6 9. Nbd2 O-O 10. h3 Bxf3 11. Qxf3 h6 12. g4 Nh7 13. Qg3 Be7 14. Qxe5 Bd6
15. Qf5 Qh4 16. Kg2 g6 17. Qa5 b6 18. Qc3 f5 19. Nf3 Qe7 20. Qc4+ Rf7 21. Bxh6
fxg4 22. hxg4 Nf6 23. e5 Bxe5 24. Nxe5 Qxe5 25. Rae1 Qd6 26. Re6 Qd5+ 27. Qxd5
cxd5 28. f3 Rd8 29. Rfe1 d4 30. Bd2 Kg7 31. Bg5 Rdf8 32. Bxf6+ Rxf6 33. Rxf6
Kxf6 34. Re4 Rd8 35. f4 c5 36. Kf3 Rh8 37. Re2 Rh1 38. g5+ Kf7 39. Ke4 Ke6
1/2-1/2

[Event "288th YMCA Spring C"]
[Site "Warsaw"]
[Date "2024.04.24"]
[Round "3"]
[White "Jaroszuk, Marcin"]
[Black "Bronowski, Franciszek"]
[Result "1/2-1/2"]
[WhiteElo "1744"]
[BlackElo "1659"]
[PlyCount "120"]
[EventDate "2024.04.10"]
[EventType "tourn"]
[EventRounds "1"]
[EventCountry "POL"]
[SourceDate "2024.04.10"]

1. Nf3 Nf6 2. g3 g6 3. Bg2 Bg7 4. O-O O-O 5. c4 d6 6. d4 Nbd7 7. Nc3 e5 8. e4
exd4 9. Nxd4 Re8 10. Re1 Nc5 11. h3 Ne6 12. Be3 Nd7 13. Nxe6 Rxe6 14. Qc2 Ne5
15. b3 c6 16. Rad1 Qf6 17. Bd4 Nf3+ 18. Bxf3 Qxf3 19. Qe2 Qxe2 20. Rxe2 Bf8 21.
Be3 Bg7 22. Bd4 Bf8 23. Red2 Bd7 24. Be3 Bg7 25. Bd4 Bf8 26. f3 Re7 27. c5 Ree8
28. cxd6 Bxh3 29. e5 Bg7 30. f4 h5 31. Ne4 b6 32. Rc1 Bf5 33. Nf2 c5 34. Bb2
Rad8 35. Nd1 h4 36. Nc3 Bh6 37. Rh2 g5 38. Nd5 Bg7 39. Ne7+ Rxe7 40. dxe7 Re8
41. gxh4 gxf4 42. Rf2 Be6 43. Rd1 Rxe7 44. Rxf4 Bh6 45. Rf3 Kh7 46. Rf6 Bg7 47.
Rf2 Bh6 48. Bc1 Bxc1 49. Rxc1 Rd7 50. Kg2 Rd4 51. Rff1 Rxh4 52. Rc3 Re4 53. Rg3
Bd5 54. Kf2 Rxe5 55. Rfg1 Rf5+ 56. Ke3 Rh5 57. Rg7+ Kh8 58. Rg8+ Kh7 59. R8g7+
Kh8 60. Rg8+ Kh7 1/2-1/2

[Event "288th YMCA Spring C"]
[Site "Warsaw"]
[Date "2024.04.24"]
[Round "3"]
[White "Kuc, Mariusz"]
[Black "Mazan, Dawid"]
[Result "0-1"]
[WhiteElo "1748"]
[BlackElo "1642"]
[PlyCount "108"]
[EventDate "2024.04.10"]
[EventType "tourn"]
[EventRounds "1"]
[EventCountry "POL"]
[SourceDate "2024.04.10"]

1. e4 e5 2. Nf3 Nc6 3. d4 exd4 4. Nxd4 Bc5 5. Nxc6 bxc6 6. Bd3 d6 7. O-O Nf6 8.
Bg5 h6 9. Bf4 O-O 10. Nd2 Bg4 11. Qc1 Re8 12. Kh1 d5 13. f3 Bd7 14. Nb3 Bb6 15.
c4 dxc4 16. Bxc4 Nh5 17. Be3 Qh4 18. Bxb6 cxb6 19. Qe1 Qxe1 20. Rfxe1 Be6 21.
Bxe6 Rxe6 22. Rad1 Rae8 23. Kg1 c5 24. Kf2 f5 25. Rd7 fxe4 26. Rxe4 Rxe4 27.
fxe4 Rxe4 28. Nd2 Ra4 29. a3 Nf6 30. Rc7 Ng4+ 31. Kg3 Ne5 32. Nb1 Nd3 33. b3
Ra6 34. a4 Ra5 35. Nd2 Nb2 36. Kg4 Kh7 37. Ne4 c4 38. bxc4 Rxa4 39. Kf5 Rxc4
40. Rxa7 Rc6 41. Ke5 Kg6 42. g4 Nd3+ 43. Kd5 Nb4+ 44. Ke5 Rc5+ 45. Ke6 Rc4 46.
Nd6 Rxg4 47. Rb7 Rg2 48. Rxb6 Re2+ 49. Kd7 Nd5 50. Ra6 Nf6+ 51. Kd8 Rxh2 52.
Ke7 Re2+ 53. Kf8 Re6 54. Ra7 Rxd6 $138 0-1

[Event "288th YMCA Spring C"]
[Site "Warsaw"]
[Date "2024.04.23"]
[Round "4"]
[White "Wiktorowski, Janusz"]
[Black "Mazan, Dawid"]
[Result "0-1"]
[WhiteElo "1623"]
[BlackElo "1642"]
[PlyCount "58"]
[EventDate "2024.04.10"]
[EventType "tourn"]
[EventRounds "1"]
[EventCountry "POL"]
[SourceDate "2024.04.10"]

1. e4 e5 2. Nf3 Nc6 3. Bc4 Bc5 4. c3 Nf6 5. d4 exd4 6. cxd4 Bb4+ 7. Nc3 Nxe4 8.
O-O Bxc3 9. d5 Ne5 10. Bb3 O-O 11. bxc3 Nxc3 12. Qc2 Nxf3+ 13. gxf3 Nb5 14. Qd3
Qf6 15. Qxb5 Qxa1 16. Ba3 Qf6 17. Bxf8 Kxf8 18. Re1 g6 19. d6 cxd6 20. Qd5 Rb8
21. Qe4 b6 22. Qe8+ Kg7 23. Re3 Ba6 24. Qxb8 Qa1+ 25. Kg2 Qf1+ 26. Kg3 Qg1+ 27.
Kf4 Qxh2+ 28. Kg4 f5+ 29. Kg5 Qh6# 0-1

[Event "288th YMCA Spring C"]
[Site "Warsaw"]
[Date "2024.05.14"]
[Round "4"]
[White "Bronowski, Franciszek"]
[Black "Kuc, Mariusz"]
[Result "1/2-1/2"]
[WhiteElo "1659"]
[BlackElo "1748"]
[PlyCount "78"]
[EventDate "2024.04.10"]
[EventType "tourn"]
[EventRounds "1"]
[EventCountry "POL"]
[SourceDate "2024.04.10"]

1. Nf3 d6 2. d4 f5 3. g3 Nf6 4. Bg2 g6 5. O-O Bg7 6. c4 O-O 7. b3 e5 8. dxe5
Ng4 9. Bb2 Nxe5 10. Qd5+ Kh8 11. Nxe5 dxe5 12. Bxe5 Qxd5 13. Bxg7+ Kxg7 14.
Bxd5 c6 15. Bf3 a5 16. Nc3 Nd7 17. a3 Ne5 18. Bg2 Be6 19. Rfe1 Rad8 20. f4 Ng4
21. e4 Rd3 22. exf5 Bxf5 23. Rac1 h5 24. Be4 Rd2 25. Bxf5 gxf5 26. Rcd1 Rfd8
27. Rxd2 Rxd2 28. Re2 Rd3 29. Rc2 Kg6 30. b4 axb4 31. axb4 Ne3 32. Rc1 Nxc4 33.
Ne4 Rd4 34. Nc5 Nd6 35. Re1 Kf7 36. Rb1 b6 37. Nd7 Nc4 38. Nb8 Rd6 39. b5 cxb5
1/2-1/2

[Event "288th YMCA Spring C"]
[Site "Warsaw"]
[Date "2024.05.01"]
[Round "4"]
[White "Okurowski, Michal"]
[Black "Jaroszuk, Marcin"]
[Result "1/2-1/2"]
[WhiteElo "1738"]
[BlackElo "1744"]
[PlyCount "59"]
[EventDate "2024.04.10"]
[EventType "tourn"]
[EventRounds "1"]
[EventCountry "POL"]
[SourceDate "2024.04.10"]

1. e4 e5 2. Nf3 Nc6 3. Bc4 Nf6 4. d3 Be7 5. Nc3 d6 6. h3 Na5 7. Bb3 Nxb3 8.
axb3 c6 9. O-O O-O 10. d4 Qc7 11. Be3 Bd7 12. dxe5 dxe5 13. Qe2 h6 14. Rfd1 Be6
15. Ne1 g5 16. f3 Nh5 17. Nd3 Nf4 18. Nxf4 gxf4 19. Bf2 Kh8 20. Kh2 b6 21. Rg1
Rg8 22. Rad1 Rad8 23. Rxd8 Qxd8 24. Rd1 Qc7 25. Qa6 Rd8 26. Rxd8+ Bxd8 27. Kg1
Be7 28. Kf1 Bc8 29. Qc4 Be6 30. Qa6 $11 1/2-1/2

[Event "288th YMCA Spring C"]
[Site "Warsaw"]
[Date "2024.05.07"]
[Round "4"]
[White "Glowacki, Mateusz"]
[Black "Marczukiewicz, Slawomir"]
[Result "1-0"]
[WhiteElo "1625"]
[BlackElo "1653"]
[PlyCount "55"]
[EventDate "2024.04.10"]
[EventType "tourn"]
[EventRounds "1"]
[EventCountry "POL"]
[SourceDate "2024.04.10"]

1. e4 c6 2. Bc4 d5 3. Bb3 Na6 4. exd5 cxd5 5. d4 e6 6. Nf3 Nf6 7. Bg5 Be7 8. c3
Nc7 9. Nbd2 h6 10. Bf4 Bd6 11. Ne5 Bxe5 12. Bxe5 O-O 13. Qf3 Nce8 14. Bc2 Bd7
15. O-O Bb5 16. Rfe1 Rc8 17. Qh3 Rc6 18. Re3 Nd7 19. Rg3 Nxe5 20. dxe5 f5 21.
Qxh6 d4 22. Bb3 Rf7 23. Nf3 dxc3 24. bxc3 Nc7 25. Nd4 Rxc3 26. Nxe6 Rxg3 27.
Nxd8 Rxg2+ 28. Kxg2 1-0

[Event "288th YMCA Spring C"]
[Site "Warsaw"]
[Date "2024.05.01"]
[Round "4"]
[White "Hartman, Aleksander"]
[Black "Gozdzikowski, Franciszek"]
[Result "0-1"]
[WhiteElo "1716"]
[BlackElo "1745"]
[PlyCount "92"]
[EventDate "2024.04.10"]
[EventType "tourn"]
[EventRounds "1"]
[EventCountry "POL"]
[SourceDate "2024.04.10"]

1. e4 e5 2. Bc4 Nf6 3. d4 exd4 4. Nf3 Nc6 5. O-O Nxe4 6. Re1 d5 7. Bxd5 Qxd5 8.
Nc3 Qa5 9. Nxe4 Be6 10. Neg5 O-O-O 11. Nxe6 fxe6 12. Rxe6 Bd6 13. Bg5 Rde8 14.
Qe2 Kd7 15. Re4 Qf5 16. Re1 Rxe4 17. Qxe4 Qxe4 18. Rxe4 Re8 19. Rxe8 Kxe8 20.
Kf1 Kd7 21. Ke2 Ke6 22. Bd2 Kd5 23. Kd3 b5 24. c3 Be5 25. cxd4 Bxd4 26. Nxd4
Nxd4 27. Be3 Nc6 28. f3 a5 29. a3 Ne5+ 30. Kc3 c5 31. Bg5 b4+ 32. Kc2 Kc4 33.
b3+ Kd5 34. a4 c4 35. Bd8 Nc6 36. Bb6 Nd4+ 37. Kb2 Nxb3 38. g3 Nc5 39. Bxa5
Nxa4+ 40. Kc1 b3 41. h4 c3 42. g4 Kc4 43. f4 Kd3 44. Bxc3 Kxc3 45. f5 b2+ 46.
Kb1 Kb3 0-1

[Event "288th YMCA Spring C"]
[Site "Warsaw"]
[Date "2024.05.01"]
[Round "4"]
[White "Bartczak, Hanna"]
[Black "Korsun, Wadym"]
[Result "1/2-1/2"]
[WhiteElo "1636"]
[BlackElo "1714"]
[PlyCount "47"]
[EventDate "2024.04.10"]
[EventType "tourn"]
[EventRounds "1"]
[EventCountry "POL"]
[SourceDate "2024.04.10"]

1. d4 Nf6 2. Nc3 d5 3. Bf4 a6 4. e3 Bf5 5. f3 h5 6. Bd3 Bxd3 7. Qxd3 e6 8. Nge2
Nc6 9. a3 Qd7 10. O-O-O O-O-O 11. e4 Be7 12. exd5 Nxd5 13. Nxd5 Qxd5 14. c4 Qa5
15. Qb3 Qf5 16. Qc2 Qxc2+ 17. Kxc2 Bf6 18. Be3 Rd7 19. Rd3 Ne7 20. Rhd1 Nf5 21.
Bf2 g5 22. d5 exd5 23. Rxd5 Rhd8 24. Rxd7 1/2-1/2